| 000 | 00892nas1a22002651i 4500 | ||
|---|---|---|---|
| 001 | RU\NLR\Per\1279972 | ||
| 005 | 20260407172735.0 | ||
| 011 | _a2500-3941 | ||
| 035 | _a(NLR Aleph) 011304834 | ||
| 090 |
_a10990850 _c10990850 |
||
| 100 | _a20161220a20169999|||y0rusy50 ca | ||
| 101 | 0 | _arus | |
| 102 | _aRU | ||
| 110 | _aaf | ||
| 200 | 1 |
_aСанта Барбара. Кухня _eжурнал _fТолока |
|
| 207 | 0 | _a2016, № 1 (1) - | |
| 210 |
_aСмоленск _cТолока _d2016 - |
||
| 606 |
_aКулинария _jПериодические издания _xРецептура _92080572 _3RU\NLR\AUTH\661256513 |
||
| 686 | 1 | _aЛ997я52 | |
| 712 | 0 | 2 |
_4570 _a"Толока", издательский дом _cСмоленск _3RU\NLR\AUTH\8810109547 _9719176 |
| 852 |
_aNLR _jП11/6163 |
||
| 942 | _cJOURNAL | ||
| 980 | _aRUSPER | ||